|
|
|
|
| LEADER |
00000nam1a2200000 4500 |
| 001 |
185772 |
| 005 |
20231101223935.0 |
| 010 |
|
|
|a 5833801494
|
| 020 |
|
|
|a RU
|b 90-49473
|
| 035 |
|
|
|a (RuTPU)RU\TPU\book\201550
|
| 090 |
|
|
|a 185772
|
| 100 |
|
|
|a 20101014d1990 k y0rusy5003 ca
|
| 101 |
0 |
|
|a rus
|
| 102 |
|
|
|a TM
|
| 200 |
1 |
|
|a Кулонометрическое титрование. Методы аналитической химии
|f В. Н. Басов, Т. А. Джафарова
|g Академия наук Туркменской ССР (АН ТуркССР), Институт химии; под ред. П. К. Агасяна
|
| 210 |
|
|
|a Ашхабад
|c Ылым
|d 1990
|
| 215 |
|
|
|a 204 с.
|c ил.
|
| 320 |
|
|
|a Библиогр.: с. 181-201.
|
| 606 |
1 |
|
|a Титрование кулонометрическое
|2 stltpush
|3 (RuTPU)RU\TPU\subj\60757
|9 77984
|
| 610 |
1 |
|
|a кулонометрия
|
| 610 |
1 |
|
|a аналитическая химия
|
| 610 |
1 |
|
|a периодический закон Менделеева
|
| 610 |
1 |
|
|a анализ
|
| 610 |
1 |
|
|a аппаратура
|
| 610 |
1 |
|
|a синтез
|
| 675 |
|
|
|a 543.551
|v 3
|
| 700 |
|
1 |
|a Басов
|b В. Н.
|g Вадим Наумович
|4 070
|
| 701 |
|
1 |
|a Джафарова
|b Т. А.
|g Тамиля Анверовна
|4 070
|
| 702 |
|
1 |
|a Агасян
|b П. К.
|4 340
|
| 712 |
0 |
2 |
|a Академия наук Туркменской ССР (АН ТуркССР)
|b Институт химии
|2 stltpush
|3 (RuTPU)RU\TPU\col\16384
|
| 801 |
|
0 |
|a RU
|b RuMRKP
|c 19950417
|g psbo
|
| 801 |
|
1 |
|a RU
|b 63413507
|c 20101014
|
| 801 |
|
2 |
|a RU
|b 63413507
|c 20150204
|g RCR
|
| 942 |
|
|
|c BK
|